ბათუმის შოთა რუსთაველის სახელმწიფო უნივერსიტეტის ბიბლიოთეკა

ჩანაწერი Corporate Name

ჩანაწერთა რაოდენობა, რომელიც გამოყენებულია: 2

001 - CONTROL NUMBER

  • control field: 25894

003 - CONTROL NUMBER IDENTIFIER

  • control field: GE_BSU

005 - DATE AND TIME OF LATEST TRANSACTION

  • control field: 20250926193822.0

008 - FIXED-LENGTH DATA ELEMENTS

  • fixed length control field: 250926|| aca||aabn | a|a d

040 ## - CATALOGING SOURCE

  • Original cataloging agency: GE_BSU
  • Transcribing agency: GE_BSU

110 ## - HEADING--CORPORATE NAME

  • Corporate name or jurisdiction name as entry element: საქართველოს კპ ცკ-ისა და თბილისის კომიტეტის პოლიტიკური
  • Subordinate unit: განათლების რესპუბლიკური სახლი.

670 ## - SOURCE DATA FOUND

  • Source citation: Work cat.: (GE_BSU): გაბისონია, ამირან 25893, რეფორმა და ეკონომიური სტიმულები /